[Event "4NCL/Div1d/NWE1 vs. RIC"]
[Site "Staverton Park ENG"]
[Date "2009.05.03"]
[Round "10.2"]
[White "Baker, Chris W"]
[Black "Lyell, Mark"]
[Result "1-0"]
[WhiteElo "2351"]
[BlackElo "2300"]
[PlyCount "74"]
[EventDate "2009.05.03"]
[EventType "team"]
[EventRounds "11"]
[EventCountry "ENG"]
[SourceDate "2008.10.04"]

1. e4 e5 2. Nf3 Nc6 3. Bc4 Nf6 4. d3 Be7 5. O-O O-O 6. Re1 d6 7. a4 Kh8 8. c3
Bg4 9. h3 Bh5 10. Nbd2 d5 11. Bb5 Bd6 12. a5 Ne7 13. Nf1 c6 14. Ba4 Qxa5 15.
Bg5 Qc7 16. Bxf6 gxf6 17. Ng3 Bxf3 18. Qxf3 f5 19. Nxf5 Nxf5 20. Qxf5 Qe7 21.
d4 dxe4 22. Rxe4 Qe6 23. Qxe6 fxe6 24. Bb3 exd4 25. cxd4 Rf4 26. Rxf4 Bxf4 27.
g3 Bc7 28. Bxe6 Bb6 29. d5 cxd5 30. Bxd5 Rc8 31. b3 Rc2 32. Rf1 Rb2 33. Kg2 Kg7
34. g4 Kf6 35. Kg3 Ke5 36. Bg8 h6 37. f4+ Kf6 $138 1-0

[Event "4NCL/Div1d/NWE1 vs. RIC"]
[Site "Staverton Park ENG"]
[Date "2009.05.03"]
[Round "10.3"]
[White "Hague, Ben"]
[Black "Wall, Gavin"]
[Result "0-1"]
[WhiteElo "2282"]
[BlackElo "2301"]
[PlyCount "86"]
[EventDate "2009.05.03"]
[EventType "team"]
[EventRounds "11"]
[EventCountry "ENG"]
[SourceDate "2008.10.04"]

1. d4 f5 2. c4 Nf6 3. Nc3 d6 4. Bg5 Nbd7 5. Qc2 g6 6. e4 fxe4 7. Nxe4 Nxe4 8.
Qxe4 Bg7 9. Nf3 Nf6 10. Qe3 c6 11. Be2 Qa5+ 12. Qd2 Qb6 13. Be3 Ne4 14. Qc2
Qa5+ 15. Nd2 Nxd2 16. Qxd2 Qxd2+ 17. Kxd2 e5 18. d5 e4 19. Kc2 O-O 20. dxc6
bxc6 21. Rad1 Be5 22. f3 exf3 23. Bxf3 Bf5+ 24. Kd2 Rfc8 25. Ke2 Rab8 26. b3 a5
27. Bd4 a4 28. Bxe5 dxe5 29. g4 Bc2 30. Rd6 axb3 31. axb3 e4 32. Kd2 Rxb3 33.
Kxc2 Rxf3 34. Re1 Re8 35. Rxc6 Rf2+ 36. Kc3 Rxh2 37. Re3 Rg2 38. Rd6 Rxg4 39.
c5 Rg1 40. Kc4 h5 41. Kd5 Kf7 42. Rd7+ Kf6 43. Kc6 Rc8+ 0-1

[Event "4NCL/Div1d/NWE1 vs. RIC"]
[Site "Staverton Park ENG"]
[Date "2009.05.03"]
[Round "10.4"]
[White "Osborne, Marcus E"]
[Black "Hulmes, David I"]
[Result "1/2-1/2"]
[WhiteElo "2212"]
[BlackElo "2220"]
[PlyCount "75"]
[EventDate "2009.05.03"]
[EventType "team"]
[EventRounds "11"]
[EventCountry "ENG"]
[SourceDate "2008.10.04"]

1. d4 d5 2. c4 e6 3. Nc3 Be7 4. cxd5 exd5 5. Bf4 c6 6. e3 Bf5 7. g4 Be6 8. h4
Nd7 9. h5 h6 10. Bd3 Nb6 11. f3 Bh4+ 12. Kd2 Be7 13. Nge2 Bd6 14. Qg1 Qd7 15.
Bxd6 Qxd6 16. Qg3 Qxg3 17. Nxg3 Ne7 18. Rhg1 g5 19. b4 Rf8 20. Raf1 O-O-O 21.
a4 f5 22. a5 Nd7 23. gxf5 Nxf5 24. Nxf5 Bxf5 25. Bxf5 Rxf5 26. e4 dxe4 27. fxe4
Rff8 28. Ke3 Nf6 29. Rf3 Rde8 30. Rgf1 Nh7 31. e5 Rxf3+ 32. Rxf3 Rf8 33. Rxf8+
Nxf8 34. Ke4 Ne6 35. Nd1 Ng7 36. Ne3 Kd7 37. Ng4 Nxh5 38. Nxh6 1/2-1/2

[Event "4NCL/Div1d/NWE1 vs. RIC"]
[Site "Staverton Park ENG"]
[Date "2009.05.03"]
[Round "10.5"]
[White "Redmond, John"]
[Black "Muter, Donny"]
[Result "1/2-1/2"]
[WhiteElo "2199"]
[BlackElo "2225"]
[PlyCount "32"]
[EventDate "2009.05.03"]
[EventType "team"]
[EventRounds "11"]
[EventCountry "ENG"]
[SourceDate "2008.10.04"]

1. Nf3 d5 2. c4 e6 3. d4 Nf6 4. Nc3 c6 5. Bg5 h6 6. Bxf6 Qxf6 7. Qb3 Nd7 8. e4
dxe4 9. Nxe4 Qd8 10. O-O-O Be7 11. Bd3 Qc7 12. Rhe1 O-O 13. Kb1 Rd8 14. Bc2 b6
15. Qe3 Ba6 16. Bd3 Bb7 1/2-1/2

[Event "4NCL/Div1d/NWE1 vs. RIC"]
[Site "Staverton Park ENG"]
[Date "2009.05.03"]
[Round "10.6"]
[White "Cannon, Richard"]
[Black "Jaunooby, Ali"]
[Result "1-0"]
[WhiteElo "2091"]
[BlackElo "2162"]
[PlyCount "129"]
[EventDate "2009.05.03"]
[EventType "team"]
[EventRounds "11"]
[EventCountry "ENG"]
[SourceDate "2008.10.04"]

1. e4 g6 2. d4 Bg7 3. Nf3 d6 4. Bc4 Nf6 5. e5 dxe5 6. Nxe5 O-O 7. O-O c5 8.
dxc5 Qc7 9. Nd3 Nbd7 10. Re1 Nxc5 11. Nc3 Nxd3 12. Bxd3 Ng4 13. g3 Rd8 14. Qe2
Qc5 15. Ne4 Qb6 16. Kg2 Ne5 17. h3 Be6 18. Nc3 Nxd3 19. cxd3 Qc6+ 20. Kh2 Qd7
21. Ne4 Rac8 22. Ng5 Rc6 23. Be3 Bf5 24. Ne4 Qxd3 25. Rad1 Bxe4 26. Rxd3 Bxd3
27. Qf3 e5 28. Bxa7 e4 29. Qe3 Bxb2 30. Qg5 Bf6 31. Qe3 Ra8 32. a3 Rc2 33. Bc5
Rc8 34. Bb4 R8c4 35. Bd2 Bd4 36. Qf4 Rc5 37. Rc1 g5 38. Qb8+ Kg7 39. Rxc2 Rxc2
40. Be1 Re2 41. Qd8 Bf6 42. Bc3 Rxf2+ 43. Kg1 Rf3 44. g4 h5 45. Bxf6+ Rxf6 46.
gxh5 Rf5 47. Qd4+ Kh7 48. Qd6 Bb5 49. h6 g4 50. Qf8 Rg5 51. h4 Rg6 52. Qxf7+
Kxh6 53. Qf8+ Rg7 54. Qf6+ Kh7 55. Qf5+ Kh6 56. Qxb5 g3 57. Qf5 e3 58. Qe6+ Rg6
59. Qxe3+ Kh5 60. Qe8 g2 61. a4 b6 62. Qxg6+ Kxg6 63. Kxg2 Kf6 64. Kf3 Kf5 65.
Ke3 1-0

[Event "4NCL/Div1d/BRI1 vs. SAMS"]
[Site "Staverton Park ENG"]
[Date "2009.05.03"]
[Round "10.1"]
[White "Cobb, Charles"]
[Black "Ruston, Mark R"]
[Result "1-0"]
[WhiteElo "2397"]
[BlackElo "2092"]
[PlyCount "50"]
[EventDate "2009.05.03"]
[EventType "team"]
[EventRounds "11"]
[EventCountry "ENG"]
[SourceDate "2008.10.04"]

1. c4 e6 2. Nc3 f5 3. g3 Nf6 4. Bg2 Be7 5. Nf3 O-O 6. O-O d6 7. d3 e5 8. b4 Qe8
9. Nd5 Nxd5 10. cxd5 Qh5 11. Bb2 g5 12. Rc1 g4 13. Nd2 Bd8 14. Qb3 Rf6 15. Rfe1
f4 16. d4 Rh6 17. Nf1 fxg3 18. hxg3 Nd7 19. Rc2 Nf8 20. dxe5 dxe5 21. Qc3 Ng6
22. Bc1 Bg5 23. Bxg5 Qxg5 24. Qxc7 Bf5 25. e4 Bc8 1-0

[Event "4NCL/Div1d/BRI1 vs. SAMS"]
[Site "Staverton Park ENG"]
[Date "2009.05.03"]
[Round "10.2"]
[White "Russell, Chris"]
[Black "Beaumont, Chris"]
[Result "0-1"]
[WhiteElo "2076"]
[BlackElo "2304"]
[PlyCount "84"]
[EventDate "2009.05.03"]
[EventType "team"]
[EventRounds "11"]
[EventCountry "ENG"]
[SourceDate "2008.10.04"]

1. e4 c5 2. c3 g6 3. d4 cxd4 4. cxd4 d5 5. e5 Nc6 6. Nc3 Bg7 7. Be2 f6 8. f4
Nh6 9. Bf3 Nf5 10. Bxd5 Nfxd4 11. exf6 Bxf6 12. Be3 Qb6 13. Nge2 Nc2+ 14. Qxc2
Qxe3 15. Qd2 Qxd2+ 16. Kxd2 Bf5 17. Rac1 Rd8 18. Ke3 Nb4 19. Be4 Bxe4 20. Nxe4
Bxb2 21. Rb1 Rd3+ 22. Kf2 Bd4+ 23. Nxd4 Rxd4 24. Ke3 Nc2+ 25. Kf3 Rd3+ 26. Kf2
O-O 27. g3 e5 28. Rxb7 exf4 29. Rc1 fxg3+ 30. Kg2 Ne3+ 31. Kxg3 Nf5+ 32. Kg2
Ra3 33. Rb2 Nh4+ 34. Kg1 Kg7 35. Nc5 Nf3+ 36. Kg2 Nh4+ 37. Kg1 Rf7 38. Ne6+ Kf6
39. Rc6 Nf3+ 40. Kg2 Ne5 41. Nd8+ Nxc6 42. Rf2+ Kg7 0-1

[Event "4NCL/Div1d/BRI1 vs. SAMS"]
[Site "Staverton Park ENG"]
[Date "2009.05.03"]
[Round "10.3"]
[White "Rudd, Jack"]
[Black "Armstrong, Malcolm"]
[Result "1-0"]
[WhiteElo "2357"]
[BlackElo "2051"]
[PlyCount "79"]
[EventDate "2009.05.03"]
[EventType "team"]
[EventRounds "11"]
[EventCountry "ENG"]
[SourceDate "2008.10.04"]

1. e4 e6 2. d4 d5 3. Nd2 dxe4 4. Nxe4 Bd7 5. Nf3 Bc6 6. Bd3 Bxe4 7. Bxe4 c6 8.
c3 Nf6 9. Bc2 Nbd7 10. Qe2 Be7 11. Ng5 Nf8 12. f4 h6 13. Nf3 N8d7 14. O-O c5
15. f5 exf5 16. dxc5 O-O 17. b4 Re8 18. Qc4 Ne4 19. Nd4 Ne5 20. Qb3 Bf6 21.
Nxf5 Nd3 22. Nd6 Nxd6 23. Bxd3 Ne4 24. Bc4 Re7 25. Bf4 Nd2 26. Bxd2 Qxd2 27.
Rad1 Qe3+ 28. Kh1 Qxc3 29. Qxc3 Bxc3 30. a3 Rc8 31. g3 a5 32. Rb1 axb4 33. axb4
b6 34. Rfc1 Bd4 35. c6 Kf8 36. Ba6 Rcc7 37. Rd1 Bc3 38. Bb7 Re4 39. b5 Bd4 40.
Rb4 1-0

[Event "4NCL/Div1d/BRI1 vs. SAMS"]
[Site "Staverton Park ENG"]
[Date "2009.05.03"]
[Round "10.4"]
[White "Makepeace, Philip J"]
[Black "Buckley, David E"]
[Result "0-1"]
[WhiteElo "2042"]
[BlackElo "2265"]
[PlyCount "56"]
[EventDate "2009.05.03"]
[EventType "team"]
[EventRounds "11"]
[EventCountry "ENG"]
[SourceDate "2008.10.04"]

1. e4 Nf6 2. e5 Nd5 3. c4 Nb6 4. c5 Nd5 5. Nc3 Nxc3 6. bxc3 e6 7. d4 b6 8. cxb6
axb6 9. Bd3 Ba6 10. Nf3 Bxd3 11. Qxd3 Be7 12. h4 d5 13. exd6 cxd6 14. Ng5 Nd7
15. Nxh7 g6 16. Ng5 Bxg5 17. Bxg5 Qxg5 18. hxg5 Rxh1+ 19. Ke2 Rxa1 20. Qc4
R8xa2+ 21. Kf3 Rc2 22. Qc8+ Ke7 23. d5 Ra3 24. Qh8 Raxc3+ 25. Kg4 e5 26. Kh4
Rxf2 27. Qa8 Rf4+ 28. g4 Rcc4 0-1

[Event "4NCL/Div1d/BRI1 vs. SAMS"]
[Site "Staverton Park ENG"]
[Date "2009.05.03"]
[Round "10.5"]
[White "Poobalasingam, Peter"]
[Black "Varnam, Liam D"]
[Result "0-1"]
[WhiteElo "2240"]
[BlackElo "2121"]
[PlyCount "64"]
[EventDate "2009.05.03"]
[EventType "team"]
[EventRounds "11"]
[EventCountry "ENG"]
[SourceDate "2008.10.04"]

1. d4 d5 2. c4 Nc6 3. cxd5 Qxd5 4. Nf3 Bg4 5. Nc3 Qa5 6. d5 Bxf3 7. exf3 O-O-O
8. Bd2 Rxd5 9. Nxd5 Qxd5 10. Be2 e5 11. O-O Bd6 12. b3 Qe6 13. Bc3 Nge7 14. b4
Nxb4 15. Bxb4 Bxb4 16. Rb1 Bc5 17. Qc2 Bb6 18. Bc4 Qf6 19. a4 Nc6 20. Qe4 h5
21. Qd5 Rf8 22. Rfd1 Nd4 23. a5 c6 24. Qe4 Bxa5 25. f4 Bc7 26. fxe5 Bxe5 27.
Kh1 g5 28. Ra1 Nb5 29. Bxb5 Bxa1 30. Qa4 Be5 31. Qxa7 Qf4 32. Kg1 Bb8 0-1

[Event "4NCL/Div1d/BRI1 vs. SAMS"]
[Site "Staverton Park ENG"]
[Date "2009.05.03"]
[Round "10.6"]
[White "Purton, Ben J"]
[Black "Dilleigh, Stephen P"]
[Result "1-0"]
[WhiteElo "2110"]
[BlackElo "2148"]
[PlyCount "63"]
[EventDate "2009.05.03"]
[EventType "team"]
[EventRounds "11"]
[EventCountry "ENG"]
[SourceDate "2008.10.04"]

1. e4 e6 2. d4 d5 3. Nd2 a6 4. Bd3 c5 5. dxc5 Bxc5 6. Ngf3 Nc6 7. c3 Nge7 8.
O-O O-O 9. Qe2 Ng6 10. Nb3 Bd6 11. exd5 exd5 12. Bxg6 hxg6 13. Rd1 Ne7 14. Nbd4
Qc7 15. Be3 Bd7 16. Rac1 Rac8 17. Qd2 Rfd8 18. h3 Bc6 19. Ng5 Nf5 20. Nxf5 gxf5
21. Qd3 g6 22. Nf3 Qa5 23. Qd4 Bf8 24. Qh4 Bg7 25. Ng5 d4 26. Qh7+ Kf8 27. Bxd4
Rxd4 28. cxd4 Rd8 29. Qh4 Qd5 30. Nf3 Qd7 31. d5 Bxb2 32. Qb4+ 1-0

[Event "4NCL/Div1d/BRI1 vs. SAMS"]
[Site "Staverton Park ENG"]
[Date "2009.05.03"]
[Round "10.7"]
[White "Curtis, John"]
[Black "Sainbayar, Anuurai"]
[Result "1-0"]
[WhiteElo "2112"]
[BlackElo "1590"]
[PlyCount "111"]
[EventDate "2009.05.03"]
[EventType "team"]
[EventRounds "11"]
[EventCountry "ENG"]
[SourceDate "2008.10.04"]

1. d4 Nf6 2. Nf3 d6 3. Nc3 g6 4. e4 Bg7 5. Be3 b6 6. h3 Bb7 7. Bd3 O-O 8. Qd2
Re8 9. O-O Nbd7 10. Rfe1 e6 11. Bg5 Qc8 12. a4 a6 13. Bf1 c5 14. d5 exd5 15.
exd5 Qc7 16. Bc4 Ne5 17. Nxe5 dxe5 18. Rad1 Rad8 19. Qe2 Qd7 20. Bxa6 Qf5 21.
Bxf6 Bxa6 22. Qxa6 Qxf6 23. Ne4 Qe7 24. Qxb6 Rb8 25. Qxc5 Rxb2 26. d6 Qd7 27.
Qc7 Rb7 28. Qxd7 Rxd7 29. Nc5 Ra7 30. Rd5 Rd8 31. Red1 Bf6 32. a5 Kf8 33. a6 h5
34. d7 Ke7 35. Nb7 Rxa6 36. Nxd8 Kxd8 37. Rd6 Rxd6 38. Rxd6 Be7 39. Rd5 f6 40.
Kf1 Kc7 41. Ke2 Kd8 42. Kd3 Kc7 43. Kc4 Bd8 44. Kb5 h4 45. c4 f5 46. c5 e4 47.
c6 f4 48. Re5 f3 49. gxf3 exf3 50. Re3 Bf6 51. Rxf3 Be7 52. Re3 Bf6 53. f3 Bd8
54. Re8 Bf6 55. Rc8+ Kd6 56. d8=Q+ 1-0

[Event "4NCL/Div1d/BRI1 vs. SAMS"]
[Site "Staverton Park ENG"]
[Date "2009.05.03"]
[Round "10.8"]
[White "Hui, Zhu"]
[Black "Yap, Xiu-Huan"]
[Result "1-0"]
[WhiteElo "1600"]
[BlackElo "1776"]
[PlyCount "72"]
[EventDate "2009.05.03"]
[EventType "team"]
[EventRounds "11"]
[EventCountry "ENG"]
[SourceDate "2008.10.04"]

1. e4 d6 2. d4 Nf6 3. Nc3 g6 4. h3 Bg7 5. Be3 O-O 6. Qd2 e5 7. d5 Nbd7 8. O-O-O
Nc5 9. f3 a5 10. g4 Bd7 11. h4 h5 12. Bg5 hxg4 13. h5 gxh5 14. Rxh5 gxf3 15.
Rh1 b5 16. Qh2 Re8 17. Bxb5 Bxb5 18. Nxf3 Kf8 19. Rdg1 Ba6 20. Nh4 Bc8 21. Rf1
Ke7 22. Bxf6+ Bxf6 23. Ng6+ Kd7 24. Qh3+ Ne6 25. dxe6+ Rxe6 26. Nf8+ Qxf8 27.
Rxf6 Kd8 28. Qh4 Kd7 29. Nd5 Kc6 30. Rf3 Bd7 31. Rc3+ Kb5 32. Qg4 Ka6 33. Qe2+
Kb7 34. Rxc7+ Kb8 35. Qe3 Ra6 36. Qb3+ Ka8 1-0